000 00685nam a2200289Ia 4500
005 20260324143850.0
008 008 260324s9999 xx 000 0 eng d
020 _a9781315526492
037 _aEBOOK
040 _aCRL
040 _beng
040 _cCRL
041 _2eng
041 _aeng
084 _qCRL
100 _aJohn E. McPeck; Michael Scriven
_91217221
245 0 _aTeaching Critical Thinking
245 0 _bDialogue and Dialectic
260 _bTaylor and Francis
260 _c1990
365 _a
365 _b205
856 _uhttp://www.taylorfrancis.com/books/9781315526492
942 _cEBOOK
999 _c1823117
_d1823117